000 00617nam a2200277Ia 4500
005 20260324124025.0
008 008 260324s9999 xx 000 0 eng d
020 _a9780203149256
037 _aEBOOK
040 _aCRL
040 _beng
040 _cCRL
041 _2eng
041 _aeng
084 _qCRL
100 _aJulia Driver
_91172555
245 0 _aConsequentialism
260 _bTaylor and Francis
260 _c2011
365 _a
365 _b280
856 _uhttp://www.taylorfrancis.com/books/9780203149256
942 _cEBOOK
999 _c1766578
_d1766578